[Event "BEL-chT 0203"]
[Site "Belgium"]
[Date "2002.12.08"]
[Round "4.6"]
[White "Bertrem, Stijn"]
[Black "Krijgelmans, Johan"]
[Result "1/2-1/2"]
[WhiteElo "2197"]
[BlackElo "2174"]
[PlyCount "46"]
[EventDate "2002.10.06"]
[EventType "team"]
[EventRounds "11"]
[EventCountry "BEL"]
[SourceTitle "EXT 2004"]
[Source "ChessBase"]
[SourceDate "2003.11.25"]
[SourceVersion "1"]
[SourceVersionDate "2003.11.25"]
[SourceQuality "1"]
[WhiteTeam "Bruges"]
[BlackTeam "Jean Jaures"]
[WhiteTeamCountry "BEL"]
[BlackTeamCountry "BEL"]

1. d4 Nf6 2. c4 d6 3. Nc3 c6 4. Bg5 Qc7 5. e4 Nbd7 6. Nf3 e5 7. Be2 Be7 8. 0-0 h6 9. Be3 Nf8 10. b4 Ng4 11. Bd2 Ne6 12. d5 Nf4 13. Bxf4 exf4 14. Qd2 Bf6 15. Rac1 g5 16. Rfd1 Qb6 17. Bf1 0-0 18. dxc6 bxc6 19. c5 dxc5 20. bxc5 Qb4 21. h3 Bxc3 22. Rxc3 Nf6 23. Bd3 Be6 1/2-1/2